<?xml version="1.0" encoding="UTF-8"?>
<record
    xmlns:xsi="http://www.w3.org/2001/XMLSchema-instance"
    xsi:schemaLocation="http://www.loc.gov/MARC21/slim http://www.loc.gov/standards/marcxml/schema/MARC21slim.xsd"
    xmlns="http://www.loc.gov/MARC21/slim">

  <leader>01062nam a22002657a 4500</leader>
  <controlfield tag="003">DO-SdBPM</controlfield>
  <controlfield tag="005">20251125092609.0</controlfield>
  <controlfield tag="008">180122b1967   sp || |||| 00| 0 spa d</controlfield>
  <datafield tag="040" ind1=" " ind2=" ">
    <subfield code="a">DO-SdBPM</subfield>
    <subfield code="b">spa</subfield>
    <subfield code="c">BPMSU</subfield>
    <subfield code="e">rda</subfield>
  </datafield>
  <datafield tag="082" ind1=" " ind2="4">
    <subfield code="a">349.72909 </subfield>
    <subfield code="b">B898d 1967</subfield>
    <subfield code="2">22</subfield>
  </datafield>
  <datafield tag="100" ind1="1" ind2=" ">
    <subfield code="a">Bruno, Cayetano</subfield>
    <subfield code="e">autor </subfield>
    <subfield code="4">aut.</subfield>
  </datafield>
  <datafield tag="245" ind1="1" ind2="3">
    <subfield code="a">El derecho p&#xFA;blico de la iglesia en Indias : </subfield>
    <subfield code="b">estudio hist&#xF3;rico-jur&#xED;dico /</subfield>
    <subfield code="c">Cayetano Bruno</subfield>
  </datafield>
  <datafield tag="264" ind1=" " ind2=" ">
    <subfield code="a">Salamanca, Espa&#xF1;a : </subfield>
    <subfield code="b">Consejo Superior de Investigaciones Cientificas Instituto" San Raimundo de Pe&#xF1;afort</subfield>
    <subfield code="c">1967</subfield>
  </datafield>
  <datafield tag="300" ind1=" " ind2=" ">
    <subfield code="a">347 p&#xE1;ginas  :</subfield>
    <subfield code="c">25 cm </subfield>
  </datafield>
  <datafield tag="336" ind1=" " ind2=" ">
    <subfield code="a">texto</subfield>
    <subfield code="b">txto</subfield>
    <subfield code="2">rdacontent</subfield>
  </datafield>
  <datafield tag="337" ind1=" " ind2=" ">
    <subfield code="a">sin mediaci&#xF3;n </subfield>
    <subfield code="b">n</subfield>
    <subfield code="2">rdamedia </subfield>
  </datafield>
  <datafield tag="338" ind1=" " ind2=" ">
    <subfield code="a">volumen </subfield>
    <subfield code="b">nc</subfield>
    <subfield code="2">rdacarrier </subfield>
  </datafield>
  <datafield tag="590" ind1=" " ind2=" ">
    <subfield code="a">Inventariado, 2025/VM</subfield>
  </datafield>
  <datafield tag="610" ind1="2" ind2="7">
    <subfield code="a">Iglesia Cat&#xF3;lica</subfield>
    <subfield code="x"> Gobierno </subfield>
    <subfield code="z">Am&#xE9;rica</subfield>
    <subfield code="y">Siglos XVI-XVII </subfield>
  </datafield>
  <datafield tag="650" ind1=" " ind2="7">
    <subfield code="a">Derecho colonial espa&#xF1;ol </subfield>
    <subfield code="z">Am&#xE9;rica. </subfield>
    <subfield code="x"> </subfield>
  </datafield>
  <datafield tag="650" ind1=" " ind2="7">
    <subfield code="a">Legislaci&#xF3;n de Indias </subfield>
    <subfield code="x"> Historia </subfield>
    <subfield code="z"> Espa&#xF1;a. </subfield>
  </datafield>
  <datafield tag="650" ind1=" " ind2="7">
    <subfield code="a">Iglesia y Estado en Am&#xE9;rica </subfield>
    <subfield code="x">Historia.</subfield>
  </datafield>
  <datafield tag="910" ind1=" " ind2=" ">
    <subfield code="a">VMateo V. Control de calidad. BPMSU </subfield>
  </datafield>
  <datafield tag="942" ind1=" " ind2=" ">
    <subfield code="2">ddc</subfield>
    <subfield code="c">BK</subfield>
  </datafield>
  <datafield tag="952" ind1=" " ind2=" ">
    <subfield code="0">0</subfield>
    <subfield code="1">0</subfield>
    <subfield code="2">ddc</subfield>
    <subfield code="7">0</subfield>
    <subfield code="8">CG</subfield>
    <subfield code="a">BPMET</subfield>
    <subfield code="b">BPMET</subfield>
    <subfield code="d">2018-01-22</subfield>
    <subfield code="e">Donado</subfield>
    <subfield code="l">0</subfield>
    <subfield code="o">BPMSU CG 349.72909  B898d 1967</subfield>
    <subfield code="p">BPMSU18010026</subfield>
    <subfield code="r">2018-01-22</subfield>
    <subfield code="w">2018-01-22</subfield>
    <subfield code="y">BK</subfield>
  </datafield>
  <datafield tag="999" ind1=" " ind2=" ">
    <subfield code="c">13242</subfield>
    <subfield code="d">13242</subfield>
  </datafield>
</record>
